Инженерные методы расчетов химических источников тока на действие механических нагрузок

Dades bibliogràfiques
Altres autors: Туманов Ю. А
Idioma:rus
Publicat: СПб., Энергоатомиздат, 1992
Matèries:
Format: Llibre
KOHA link:https://koha.lib.tpu.ru/cgi-bin/koha/opac-detail.pl?biblionumber=31763

MARC

LEADER 00000nam0a2200000 4500
001 31763
005 20231030204603.0
010 |a 5283044939 
035 |a (RuTPU)RU\TPU\book\32056 
035 |a BOOK00000011 
090 |a 31763 
100 |a 20011210d1992 u y0rusy50 ca 
101 0 |a rus 
102 |a RU 
105 |a a 000|y 
200 1 |a Инженерные методы расчетов химических источников тока на действие механических нагрузок  |f Под ред. Ю. А. Туманова 
210 |a СПб.  |c Энергоатомиздат  |d 1992 
215 |a 214 с.  |c ил. 
320 |a Библиогр.: с. 211-213. 
610 1 |a техническая электрохимия 
610 1 |a электрическая энергия 
610 1 |a источники химические 
610 1 |a прочность 
610 1 |a расчет 
610 1 |a механические нагрузки 
610 1 |a динамические нагрузки 
675 |a 621.351  |v 3 
702 1 |a Туманов  |b Ю. А 
801 0 |a RU  |b 63413507  |c 20011210  |g PSBO 
801 2 |a RU  |b 63413507  |c 20170110  |g PSBO 
942 |c BK